[Event "Lidums Checkmate Op"]
[Site "Adelaide"]
[Date "2007.07.07"]
[Round "1.16"]
[White "Garcia-Blanco, Miguel"]
[Black "Lin, Zhigen Wilson"]
[Result "0-1"]
[Annotator "Anderson-Smith,William"]
[BlackElo "2097"]
[EventCountry "AUS"]
[EventDate "2007.07.07"]
[EventRounds "7"]
[EventType "swiss"]
[PlyCount "118"]
[WhiteElo "1699"]

{ A29: English Opening: Four Knights Variation with 4 g3 } 1. c4 e5 2. Nc3 Nf6
3. Nf3 Nc6 4. g3 Bb4 5. Bg2 O-O 6. O-O e4 7. Ng5 Bxc3 8. bxc3 Re8 9. f3 e3 10.
d3 d5 11. Qb3 Na5 12. Qa4 ( 12. Qa3 c6 13. cxd5 cxd5 14. f4 Nc6 ( 14... Bg4 15.
Nf3 Nc6 16. h3 Bxf3 17. Rxf3 d4 18. Bb2 Rc8 19. Rb1 a5 20. cxd4 Nb4 21. Rc1
Rxc1+ 22. Bxc1 h5 23. Bb2 b6 { 1/2-1/2 Gulko,B  ( 2570 ) -Korneev,O  ( 2638 )
/Montreal 2006/CBM 114}  )15. Rb1 Qc7 16. Bb2 Bg4 17. c4 dxc4 18. Bxf6 gxf6 19.
Ne4 Kg7 20. dxc4 Rad8 21. Rb3 Nd4 22. Rxe3 Qxc4 23. Kh1 Nf5 24. Rd3 Bxe2 25.
Rxd8 Rxd8 26. Re1 Re8 { Kasparov,G  ( 2740 ) -Karpov,A  ( 2700 ) /Seville
1987/MainBase/0-1  ( 32 )}  )12... c6 13. cxd5 cxd5 14. Ba3 $146 ( 14. f4 Bg4
15. Nf3 Nc6 16. Bb2 Qd7 17. Rfe1 Bxf3 18. Bxf3 Rad8 19. Bg2 h5 20. h3 Qf5 21.
c4 h4 22. Bxf6 Qxf6 23. cxd5 Nd4 24. Rab1 hxg3 25. Rxb7 Qxf4 26. Qd1 Qf2+ 27.
Kh1 Rb8 28. Rxb8 Rxb8 { Grant,J  ( 2270 ) -Naumkin,I  ( 2460 ) /Cappelle la
Grande 1993/TD/0-1  ( 59 )}  )( 14. f4 Bd7 15. Qb4 Qc7 $11 )14... Bd7 { Black
threatens to win material: Bd7xa4}  15. Qb4 h6 16. f4 ( 16. Nh3 $5 $11 $142 {
might be a viable alternative} )16... hxg5 $17 17. fxg5 Ng4 18. Bxd5 ( 18. Qf4
Nf2 19. Bc5 Qb8 20. Qxb8 Raxb8 $17 ( 20... Rexb8 $143 21. g6 fxg6 22. Bxd5+ Kh7
23. Bxe3 Nh3+ 24. Kg2 $15 ))18... Nf2 $19 19. g6 Be6 20. gxf7+ Bxf7 21. Bxf7+
Kxf7 22. Qf4+ Kg8 23. Rxf2 $2 ( 23. Qf3 $19 $142)23... exf2+ 24. Qxf2 Qf6 (
24... Re6 { keeps an even firmer grip}  25. Rb1 $19 )25. Rf1 ( 25. Qxf6 gxf6
26. Kf2 Rac8 $19 )25... Qxf2+ 26. Rxf2 Nc6 27. Kf1 Re5 28. e4 $2 ( 28. Bd6 Rb5
29. Kg2 $19 )28... Rd8 29. Rf3 ( 29. d4 { is still a small chance}  29... Rxe4
30. Re2 $19 )29... Ra5 30. Bc1 Rf8 ( 30... Ne5 $142 { and Black has it in the
bag}  31. Bg5 Rd7 $19 )31. Rxf8+ Kxf8 32. a3 Rb5 33. Ke2 Kf7 ( 33... Rb1 {
makes it even easier for Black}  34. Bd2 $19 )34. d4 Rh5 ( 34... a5 35. Kd3 $19
)35. h4 b5 36. Bg5 ( 36. Kd3 Rh8 $19 )36... Na5 37. d5 $4 { White crumbles in
face of a dire situation}  ( 37. Bc1 Rh8 $19 )37... Nc4 ( 37... Rxg5 { seems
even better}  38. hxg5 Nc4 39. e5 Nxa3 40. Kd3 $19 )38. Kd3 ( 38. Bc1 $19)38...
Rxg5 $1 { the knock-out blow}  39. hxg5 Ke7 40. Kd4 Kd6 41. a4 ( 41. g6 {
cannot undo what has already been done}  41... Ne5 $19 )41... a6 42. axb5 axb5
43. g6 Ne5 44. g4 ( 44. Ke3 $19 { otherwise it's curtains at once} )44... Nxg4
45. c4 ( 45. Kd3 $19 { there is nothing else anyway} )45... bxc4 46. Kxc4 Ne5+
47. Kd4 Nxg6 48. Ke3 Ke5 49. Kf3 Kf6 ( 49... Nf8 50. Ke3 $19 )50. Kg4 Ne5+ 51.
Kf4 g5+ ( 51... g6 { and Black can already relax}  52. Ke3 $19 )52. Kg3 ( 52.
Ke3 { a last effort to resist the inevitable}  52... Nf7 53. Kd4 $19 )52... Kg6
53. Kh3 Kh6 ( 53... g4+ $142 { and Black has reached his goal}  54. Kh4 Kf6 $19
)54. Kg3 Kh5 { Black prepares g4}  55. Kh3 ( 55. d6 Kg6 56. Kg2 $19 )55... g4+
56. Kg3 Kg5 57. Kg2 { If White now only could play Nd3...}  57... Kf4 58. d6 g3
59. Kg1 ( 59. Kf1 { does not solve anything}  59... Kf3 60. Ke1 g2 61. Kd2 g1=Q
62. Kc2 Qc5+ 63. Kd2 Qe3+ 64. Kc2 Qd3+ 65. Kb2 Nc4+ 66. Ka1 Qc3+ 67. Kb1 Qb2#
)59... Kf3 ( 59... Kf3 60. d7 Nxd7 61. Kf1 g2+ 62. Ke1 g1=Q+ 63. Kd2 Qe3+ 64.
Kd1 Qc3 65. e5 Ke3 66. e6 Qd2# ) 0-1

[Event "Lidums Checkmate Op"]
[Site "Adelaide"]
[Date "2007.07.07"]
[Round "1.17"]
[White "Nguyen, Giang"]
[Black "Slidziunas, John"]
[Result "1-0"]
[Annotator "Anderson-Smith,William"]
[BlackElo "1671"]
[EventCountry "AUS"]
[EventDate "2007.07.07"]
[EventRounds "7"]
[EventType "swiss"]
[PlyCount "39"]
[WhiteElo "2097"]

{ D04: Colle System } 1. d4 Nf6 2. Nf3 g6 3. e3 Bg7 4. b3 O-O 5. Bb2 d5 6. Nbd2
Nbd7 7. Ne5 $146 ( 7. Be2 c6 ( 7... c5 8. O-O b6 9. c4 e6 10. Rc1 Bb7 11. Qc2
Rc8 12. Qb1 Ne4 13. Rfd1 cxd4 14. Nxe4 dxe4 15. Nxd4 a6 16. Ba3 Re8 { 1/2-1/2
Van der Hans,C-Mollekens,J/Havana 1966/MCD}  )8. O-O Ne4 9. c4 Qa5 10. Qc1 Ndf6
11. c5 Bh6 12. a3 Ng4 13. Nxe4 dxe4 14. Ne5 Nxe5 15. dxe5 Rd8 16. b4 Qc7 17.
Rd1 Be6 18. Qc2 Bd5 19. Bd4 Bg7 20. Qc3 Qc8 21. a4 Qe6 {
Osmanagic,D-Bilek,I/Sarajevo 1962/MCD/1-0  ( 42 )}  )( 7. c4 c5 ( 7... c6 8.
Be2 Ne4 9. cxd5 Nxd2 10. Qxd2 cxd5 11. O-O b6 12. Rac1 Bb7 13. Rc2 Rc8 14. Rxc8
Qxc8 15. Rc1 Qb8 16. Ba3 Bf6 17. Bb5 Rd8 18. h3 Nf8 19. Rc2 Rc8 20. Qc1 Rxc2
21. Qxc2 a6 22. Bd3 { Mueller,H-Wittmann,R  ( 2305 ) /Germany
1983/GER-chT/1/2-1/2}  )8. dxc5 Nxc5 9. b4 Ne6 10. Qb3 a5 11. a3 axb4 12. axb4
Rxa1+ 13. Bxa1 Ne4 14. Bxg7 { 1/2-1/2 Lazic,M  ( 2512 ) -Horvath,J  ( 2508 )
/Verona 2005/CBM 104 ext}  )( 7. c4 $5 $14 $142 { would allow White to play on}
)7... Nxe5 $17 8. dxe5 { White has new doubled pawns: e3+e5}  8... Ne4 ( 8...
Ng4 $5 9. Nf3 c6 $17 )9. h4 h5 10. Be2 ( 10. Nxe4 dxe4 11. Qd4 $11 )10... Nxd2
( 10... c5 $5 $142 { is the best option Black has}  11. Nxe4 dxe4 12. Qxd8 Rxd8
$11 )11. Qxd2 $14 { White king safety improved}  11... Bf5 12. f3 {
Consolidates e4+g4}  ( 12. O-O-O e6 $16 )12... Qc8 ( 12... c6 $5 $11 $142 { and
Black has air to breath} )13. Qxd5 $16 Rd8 ( 13... c5 14. O-O-O $16 )14. Qc5 b6
( 14... Rd7 15. Bc4 $18 )15. Qxe7 $18 Re8 ( 15... Rd7 16. Qb4 $18 )16. Qg5 Bxc2
( 16... Qd7 17. g4 hxg4 18. fxg4 $18 )17. e4 Rd8 ( 17... Qd8 $18)18. Qe3 Qd7 (
18... Qe6 { doesn't improve anything}  19. Rc1 Bxe5 20. Bxe5 Qxe5 21. Rxc2 $18
)19. Rc1 Qc6 ( 19... Qe7 { cannot change destiny}  20. Rxc2 Bxe5 21. Bxe5 Qxe5
22. f4 $18 )20. Bc4 ( 20. Bc4 Qd7 21. Qc3 $18 ) 1-0

[Event "Lidums Checkmate Op"]
[Site "Adelaide"]
[Date "2007.07.07"]
[Round "1.18"]
[White "Anderson-Smith, William"]
[Black "Ayris, Tony"]
[Result "0-1"]
[Annotator "Anderson-Smith,William"]
[BlackElo "2094"]
[EventCountry "AUS"]
[EventDate "2007.07.07"]
[EventRounds "7"]
[EventType "swiss"]
[PlyCount "92"]
[WhiteElo "1629"]

{ A67: Modern Benoni: Taimanov Variation } 1. d4 Nf6 2. c4 c5 3. d5 e6 4. Nc3
exd5 5. cxd5 d6 6. e4 g6 7. f4 Bg7 8. Bb5+ Nbd7 9. e5 dxe5 10. fxe5 Nh5 11. e6
Qh4+ 12. g3 Nxg3 13. Nf3 Bxc3+ 14. bxc3 Qe4+ 15. Be2 Nxh1 16. exd7+ $2 $146 (
16. exf7+ Ke7 17. d6+ Kf6 18. c4 h6 19. Bb2+ Kxf7 20. Bxh8 Nf6 21. Bxf6 Kxf6
22. Qd2 Bf5 23. Rd1 Re8 24. d7 Bxd7 25. Qb2+ Ke6 26. Rd5 Qf4 27. Qxb7 Qc1+ 28.
Rd1 Qc3+ 29. Kf1 Re7 30. Kg2 Qe3 { Kruppa,Y  ( 2570 ) -Berelovich,A  ( 2495 )
/Donetsk 1998/CBM 068/1/2-1/2  ( 42 )}  )( 16. exf7+ Ke7 17. d6+ Kf6 18. c4 $17
)16... Bxd7 $19 17. Qd3 Qxd3 18. Bxd3 O-O ( 18... O-O-O $142 { seems even
better}  19. Bg5 f6 20. Bxf6 Rde8+ 21. Kd2 $19 )19. Kf1 Rfe8 ( 19... c4 20. Bc2
Rfe8 21. Bf4 Bh3+ 22. Kg1 $19 )20. Bf4 ( 20. Kg2 c4 $1 { Decoy: c4}  21. Bf1
Bf5 22. Kxh1 Be4 $17 )20... c4 $1 { Decoy: c4}  21. Bc2 ( 21. Bxc4 Re4 { Double
attack}  ( 21... Re4 { Decoy} ))21... Bh3+ 22. Kg1 Re2 23. Nd4 Rae8 24. Nxe2
Rxe2 25. Ba4 $2 ( 25. Bxg6 $142 hxg6 26. Kxh1 $19 )25... Nf2 26. d6 ( 26. Bd1
Nxd1 27. Rxd1 Rg2+ ( 27... Rxa2 $6 28. d6 Bd7 29. Re1 $19 )28. Kh1 Rxa2 $19
)26... Ng4 ( 26... Ne4 $142 { and Black wins}  27. Kh1 g5 $19 )27. Bg3 Nf6 (
27... Ne5 28. Bxe5 Rxe5 29. Rd1 $19 )28. Rd1 ( 28. Bb5 Ne4 29. Bxc4 Nxg3 30.
hxg3 Rg2+ 31. Kh1 Rd2 $19 ( 31... Rxg3 $143 32. Bb5 $15 ))28... Bd7 29. Bxd7
Nxd7 30. a4 Re4 31. Kf2 ( 31. a5 f5 $19 )31... f5 32. a5 b6 ( 32... Kf7 $5 {
makes it even easier for Black}  33. h4 $19 )33. axb6 axb6 34. Ra1 ( 34. Kf3
Kf7 35. h4 b5 $19 )34... Kf7 35. Ra7 ( 35. h4 h6 $19 )35... Ke6 36. Ra8 f4 37.
Kf3 Re3+ ( 37... fxg3 $6 38. Re8+ Kxd6 39. Rxe4 gxh2 40. Rh4 $19 )38. Kxf4 Rxc3
39. Kg5 ( 39. Rh8 { is no salvation}  39... Rd3 40. Rxh7 Rxd6 $19 )39... Rd3
40. Re8+ Kd5 41. Re7 Kc6 42. Rxh7 c3 43. Rh8 Nc5 44. Rc8+ ( 44. Kxg6 { doesn't
change anything anymore}  44... c2 45. Bf4 Rxd6+ 46. Kf7 Kb7 $19 )44... Kb5 (
44... Kd7 { and Black can already relax}  45. Rc7+ Kd8 46. Rf7 $19 )45. Bf4 (
45. Kxg6 { does not win a prize}  45... c2 46. Bf4 Rxd6+ 47. Kf5 Rd5+ 48. Kg6
Rd4 $19 )45... Ne6+ 46. Kg4 Rd4 ( 46... Rd4 47. Rxc3 Rxf4+ ( 47... Nxf4 $143
48. Kg5 $19 )48. Kg3 Rd4 $19 ) 0-1

[Event "Lidums Checkmate Op"]
[Site "Adelaide"]
[Date "2007.07.07"]
[Round "1.19"]
[White "Dragicevic, Domagoj"]
[Black "Milton, Anthony W"]
[Result "1-0"]
[Annotator "Anderson-Smith,William"]
[BlackElo "1466"]
[EventCountry "AUS"]
[EventDate "2007.07.07"]
[EventRounds "7"]
[EventType "swiss"]
[PlyCount "59"]
[WhiteElo "2087"]

{ B26: Closed Sicilian: 3 g3, lines with early Be3 } 1. e4 c5 2. Nc3 d6 3. g3
Nf6 4. Bg2 Nc6 5. d3 g6 6. h3 Bg7 7. Be3 O-O 8. Nge2 Bd7 9. O-O Rb8 10. Qd2 Re8
$146 ( 10... b5 11. Bh6 Ne8 ( 11... b4 12. Bxg7 Kxg7 13. Nd5 e5 14. Nxf6 Qxf6
15. c3 bxc3 16. bxc3 Rb7 17. f4 Rfb8 18. fxe5 Qxe5 19. d4 cxd4 20. cxd4 Qe7 21.
Rf4 Rb2 22. Qe3 Nb4 23. Raf1 f5 24. Qf3 g5 25. Rxf5 Bxf5 26. Qc3 {
Stepp,R-Berger,J/Tulsa 2005/CBM 108 ext/0-1}  )12. Rae1 b4 13. Nd5 e6 14. Bxg7
Nxg7 15. Ne3 f5 16. Nc4 Qc7 17. Kh2 Rbd8 18. f4 Bc8 19. Qe3 d5 20. exd5 exd5
21. Qxc5 dxc4 22. Qxc4+ Be6 23. Qxc6 Qa5 24. c4 Qxa2 25. Nc1 {
Gershman,J-Lalich,V/Argentina 1938/HCL/1-0}  )( 10... a6 11. Bh6 b5 12. Bxg7
Kxg7 13. f4 e5 14. f5 Nd4 15. g4 b4 { 1/2-1/2 Onat,I  ( 2320 )
-Papapostolou,C/Havana 1966/MCD}  )( 10... Qc8 11. Kh2 b5 12. Rab1 b4 13. Nd1
Qa6 14. Nc1 Nd4 15. f4 Be6 16. Ra1 b3 17. cxb3 Nxb3 18. Nxb3 Bxb3 19. Nc3 Be6
20. f5 Bd7 21. Rf2 Rb6 22. Raf1 Rfb8 23. b3 Qa5 24. fxg6 fxg6 25. d4 { Starc,C 
( 2170 ) -Hennings,M  ( 2045 ) /St Veit 1998/CBM 065 ext/1/2-1/2  ( 65 )}  )11.
f4 b5 12. g4 { White intends f5}  12... b4 { Black threatens to win material:
b4xc3}  13. Nd1 e5 ( 13... Qa5 $5 $11 { looks like a viable alternative} )14.
f5 $16 { White gets more space}  14... Nd4 15. Ng3 Bc6 ( 15... gxf5 16. Nxf5
Nxf5 17. exf5 $16 ( 17. gxf5 $6 a5 $11 ))16. Bh6 ( 16. c3 bxc3 17. bxc3 gxf5
18. cxd4 cxd4 19. Nxf5 dxe3 20. Ndxe3 Bd7 $18 )16... Bh8 $2 ( 16... Nd7 17.
Bxg7 Kxg7 18. g5 $16 )17. Qf2 ( 17. c3 $142 Nb5 18. g5 $18 )17... Qc7 $2 (
17... Bg7 $142 18. Bxg7 Kxg7 $16 )18. g5 $18 Nh5 19. Nxh5 gxh5 20. Ne3 ( 20. f6
{ might be the shorter path}  20... Ne6 $18 )20... c4 $2 ( 20... Bg7 $142 21.
Bxg7 Kxg7 $18 )21. Nxc4 ( 21. dxc4 $142 { might be the shorter path}  21... Bb7
$18 )21... d5 ( 21... Bg7 { praying for a miracle}  22. Bxg7 Kxg7 $18 )22. exd5
e4 ( 22... Ba4 { doesn't get the cat off the tree}  23. b3 Bd7 24. f6 $18 )23.
f6 e3 ( 23... Nf3+ { does not help much}  24. Bxf3 exf3 25. Qxf3 $18 ( 25. dxc6
$6 { is clearly worse}  25... Re2 $18 ))24. Nxe3 Rxe3 ( 24... Bd7 $18 { a last
effort to resist the inevitable} )25. Qxe3 ( 25. dxc6 $6 { is a weaker
possibility}  25... Ne2+ 26. Kh1 Ng3+ 27. Kg1 Ne2+ 28. Kh1 Ng3+ 29. Kg1 Ne2+
$11 )25... Nxc2 26. Qc5 Nxa1 27. dxc6 b3 28. Rxa1 ( 28. Qf5 Re8 29. Qd7 Qb8 30.
Bd5 Qg3+ 31. Kh1 Qf3+ 32. Rxf3 Re1+ 33. Kg2 Re2+ 34. Rf2 Rxf2+ 35. Kxf2 Bg7 36.
Qxf7+ Kh8 37. Qxg7# )28... bxa2 29. Rxa2 Re8 30. Ra1 ( 30. Ra1 a6 31. Ra4 Re1+
32. Kf2 $18 )( 30. Rxa7 Qd8 31. Bd5 Re1+ 32. Kf2 Re6 33. Bxe6 Bxf6 34. Rxf7
Qd4+ 35. Qxd4 Bxd4+ 36. Kf3 Bg7 37. Rxg7+ Kf8 38. Rd7+ Ke8 39. Bf7# ) 1-0

[Event "Lidums Checkmate Op"]
[Site "Adelaide"]
[Date "2007.07.07"]
[Round "1.20"]
[White "Ajith, Chol Solomon"]
[Black "Goldsmith, Alan D"]
[Result "0-1"]
[Annotator "Anderson-Smith,William"]
[BlackElo "2081"]
[EventCountry "AUS"]
[EventDate "2007.07.07"]
[EventRounds "7"]
[EventType "swiss"]
[PlyCount "56"]
[WhiteElo "1430"]

{ C24: Bishop's Opening: 2...Nf6 } 1. e4 e5 2. Nf3 Nc6 3. Bc4 Nf6 4. d3 d5 5.
exd5 Nxd5 6. O-O Bg4 7. h3 Bh5 8. Nbd2 ( 8. Re1 Qd6 9. g4 Bg6 10. Bxd5 Qxd5 11.
Nc3 Qa5 12. a3 O-O-O 13. Be3 Nd4 14. b4 Nxf3+ 15. Qxf3 Qa6 16. Rab1 h5 17. g5
h4 18. a4 f6 19. Nb5 Bf7 20. Nxa7+ Kb8 21. b5 Qe6 22. Nc6+ bxc6 { Mrdja,M  (
2432 ) -Gentile,C  ( 2137 ) /Genova 2004/CBM 101 ext/1-0}  )( 8. Nc3 Nxc3 9.
bxc3 Bc5 10. Bd5 Qxd5 11. c4 Bxf3 12. cxd5 Bxd1 13. dxc6 Bxc2 14. cxb7 Rb8 15.
Bb2 Rxb7 16. Bxe5 O-O 17. Rfc1 Re8 18. d4 Bxd4 19. Bxd4 Bg6 20. Rc3 Rb4 21.
Bxa7 Rbe4 22. Be3 R8e7 { Gradishki,R  ( 1512 ) -Rothbart,A  ( 1138 ) /Dos
Hermanas 2004/CBM 099 ext/1-0}  )8... f5 $146 ( 8... Be7 9. c3 Nb6 10. Bb5 O-O
11. Ne4 f5 12. Ng3 Bxf3 13. Qxf3 Qd7 14. b3 Rad8 15. Bb2 Rf6 16. Rad1 Bd6 17.
Rfe1 Rdf8 18. c4 e4 19. Qe2 R6f7 20. dxe4 fxe4 21. Nxe4 Qe7 22. Bxc6 bxc6 23.
Rxd6 { Klip,H  ( 2340 ) -Fulvi,F  ( 2185 ) /Groningen 1993/CBM 038 ext/1-0}  )(
8... Nf4 $5 $11)9. Qe1 Nf4 10. Bb5 { White has a cramped position. White's
piece can't move: c1}  10... Bd6 11. Nc4 { Increases the pressure on e5. White
threatens to win material: Nc4xe5}  11... Bxf3 { Sacrifices material}  12. Bxf4
O-O 13. Bxe5 ( 13. Bxc6 $142 Bxc6 14. Nxe5 $16 )13... Qg5 $15 { Black has a
mate threat}  ( 13... Nxe5 14. Nxe5 Bxg2 15. Kxg2 Qg5+ 16. Kh1 $11 )14. Bg3 (
14. g3 Qh5 ( 14... Nxe5 $6 15. Nxe5 Bd5 16. Bc4 Bxc4 17. Nxc4 $14 )15. h4 Rae8
$17 ( 15... Nxe5 $6 16. Nxe5 f4 17. d4 $11 ))14... Nd4 { Black prepares the
advance f4}  ( 14... Rae8 15. h4 Qh5 $19 ( 15... Rxe1 { is no comparison}  16.
hxg5 Rxa1 17. Rxa1 Bxg3 18. fxg3 $16 ))15. Nxd6 ( 15. h4 Qh5 16. Nxd6 cxd6 $15
)15... cxd6 $15 { White has the pair of bishops}  16. Qb4 $2 ( 16. c3 $142 {
and White can hope to live}  16... Nxb5 17. Qe6+ Kh8 18. h4 $17 )16... Ne2+ $19
17. Kh2 ( 17. Kh1 f4 18. gxf3 fxg3 19. fxg3 Nxg3+ 20. Kh2 Nxf1+ 21. Rxf1 Qe5+
22. f4 Qe2+ 23. Kg1 Rf6 $19 )17... f4 18. gxf3 $4 { White has lost his nerve...
understandable when you consider his position}  ( 18. Qxd6 Rf6 19. Qc7 Qxb5 20.
gxf3 fxg3+ 21. fxg3 $19 )18... fxg3+ 19. Kg2 Nf4+ 20. Kh1 ( 20. Qxf4 { hoping
against hope}  20... Rxf4 21. fxg3 Qxb5 22. gxf4 Qxb2 23. Kg3 Qxc2 24. Rf2 Qxd3
25. Re1 $19 )20... g2+ ( 20... Qh5 21. Qc4+ Kh8 22. Qg8+ Kxg8 23. Bc4+ Kh8 24.
fxg3 Qxh3+ 25. Kg1 Qg2# )21. Kg1 $19 gxf1=Q+ ( 21... gxf1=R+ 22. Kxf1 Rae8 23.
Bxe8 Qg2+ 24. Ke1 Rxe8+ 25. Qe4 Rxe4+ 26. fxe4 Qf3 27. Kd2 Qxf2+ 28. Kc3 Ne2+
29. Kb4 Qc5+ 30. Ka4 Nd4 31. c4 b5+ 32. Ka5 Nc6+ 33. Ka6 Qb6# )22. Kxf1 Qg2+
23. Ke1 Qg1+ 24. Kd2 Qxf2+ 25. Kd1 Qxf3+ 26. Kd2 Qe2+ 27. Kc1 Nxd3+ $1 { Mate
attack}  28. cxd3 ( 28. Bxd3 Rf1+ { Mate attack}  )( 28. cxd3 Rf1+ { Mate
attack}  )( 28. -- -- { Mate attack}  )28... Rf1+ ( 28... Rf1+ 29. Qe1 Rxe1# )
0-1

[Event "Lidums Checkmate Op"]
[Site "Adelaide"]
[Date "2007.07.07"]
[Round "1.22"]
[White "Szuveges, Narelle"]
[Black "Rigo, Bernard"]
[Result "1-0"]
[Annotator "Anderson-Smith,William"]
[BlackElo "1827"]
[EventCountry "AUS"]
[EventDate "2007.07.07"]
[EventRounds "7"]
[EventType "swiss"]
[PlyCount "120"]
[WhiteElo "1702"]

{ E90: King's Indian: Classical: Early deviations and 6 h3 } 1. d4 Nf6 2. c4 c5
3. d5 d6 4. Nc3 g6 5. e4 Bg7 6. Nf3 O-O 7. h3 e5 8. Bg5 h6 9. Be3 Kh7 ( 9...
Nh5 10. Qd2 Kh7 11. Bd3 Nd7 12. Ne2 Qf6 13. Rb1 Re8 14. Nh2 Qe7 15. O-O Nf8 16.
g4 Nf6 17. Ng3 a6 18. Kg2 Ng8 19. a3 a5 20. b3 Bf6 21. Nf3 Kg7 22. Rg1 Nh7 23.
b4 axb4 24. axb4 { Bacrot,E  ( 2653 ) -Degraeve,J  ( 2602 ) /Marseille 2001/CBM
085/1/2-1/2  ( 41 )}  )10. g4 Ne8 11. g5 $146 ( 11. Bd3 Na6 12. a3 Nac7 13. Qc2
Bd7 14. Ke2 Rb8 15. b4 b6 16. Rab1 Rc8 17. Qb3 Qe7 18. Rbg1 f5 19. gxf5 gxf5
20. exf5 Kh8 21. Rg4 e4 22. Nxe4 Bxf5 23. Nh4 Bxg4+ 24. hxg4 Qd7 25. Nf5 Kg8 {
Johansen,D  ( 2471 ) -Depasquale,C  ( 2333 ) /Auckland 2005/CBM 104 ext/1-0  (
40 )}  )11... h5 12. Be2 Nd7 13. Qd2 ( 13. Nd2 Kg8 $18 )13... a6 $16 14. Bd3
Rb8 15. a4 Nc7 16. Ng1 Qe8 17. Nge2 Nb6 18. Ng3 Bd7 19. Qd1 Kg8 20. Be2 ( 20.
h4 Nc8 $16 )20... h4 21. Nf1 f5 { Black undermines the pawn chain}  ( 21... Nc8
22. Bg4 $16 )22. gxf6 $16 Bxf6 23. Nd2 Nc8 24. Bg4 b5 25. axb5 axb5 { Black has
a cramped position.}  26. Rg1 Kh7 27. Bxd7 Qxd7 28. Qg4 Qxg4 29. Rxg4 bxc4 30.
Nxc4 { White has an active position. A sound move}  30... Rb4 $4 ( 30... Rf7
31. Nb1 $16 )31. Ra4 $4 { makes life more difficult}  ( 31. Nxd6 $142 { it
becomes clear that White will call all the shots}  31... Rxb2 32. Nxc8 Rxc8 33.
d6 $18 )31... Rxa4 32. Nxa4 Nb5 33. f4 exf4 34. Bxf4 Re8 { Black pins: Re8xe4} 
35. Be3 Kg7 ( 35... g5 36. Nd2 $16 )36. Kd2 Re7 37. Bf2 { White threatens to
win material: Bf2xh4}  ( 37. Kd3 $5 $16)37... Ra7 $14 38. Nxc5 ( 38. b3 Nd4 39.
Bxd4 Bxd4 40. Rxh4 Rf7 $14 )38... dxc5 $11 39. Bxc5 { Black wins a piece.} 
39... Rc7 40. b4 Bc3+ ( 40... Rd7 $5 $14 $142 { must definitely be considered}
)41. Kd3 $16 Be1 ( 41... Rf7 $5 $142 42. e5 Rf3+ 43. Ke4 Rxh3 $16 )42. Ne5 $18
Bg3 $2 ( 42... Kh7 43. Rxg6 Bg3 $18 )43. Nxg6 Kf7 44. Nxh4 ( 44. Nh8+ { and
White can already relax}  44... Kf6 45. Rg6+ Ke5 $18 )44... Bxh4 ( 44... Bd6
45. Kc4 Na3+ 46. Kb3 $18 )45. Rxh4 Kg6 46. e5 ( 46. Rg4+ { keeps an even firmer
grip}  46... Kf6 47. Rf4+ Kg6 $18 )46... Kf5 ( 46... Rd7 { does not save the
day}  47. d6 Kf5 $18 )47. Re4 ( 47. Rh5+ $142 { finishes off the opponent} 
47... Kg6 48. Rh8 $18 )47... Rh7 48. Re3 Rg7 $4 { sad, but how else could Black
save the game?}  ( 48... Nc7 $142 49. d6 Nd5 $18 )49. e6 ( 49. Kc4 $142 { makes
it even easier for White}  49... Rb7 $18 )49... Nbd6 ( 49... Kf6 { doesn't
change the outcome of the game}  50. e7 $1 { Deflection: e7}  50... Rxe7 51.
Bxe7+ Nxe7 52. Re6+ Kf7 53. Rb6 $18 )50. e7 $1 { Deflection: e7}  50... Rg8 (
50... Nxe7 51. Bxd6 { Deflection}  )( 50... Rxe7 51. Rxe7 { Combination}  )51.
Bxd6 Nxd6 52. Kd4 Kf6 ( 52... Kf4 { is not much help}  53. Kc5 Rg6 54. Re1 $18
)53. Re6+ ( 53. Kc5 Nb7+ 54. Kc6 Kf7 55. Kxb7 Ke8 $18 )53... Kf7 54. Rxd6 Kxe7
55. Re6+ ( 55. Rh6 $5 $142 { seems even better}  55... Rb8 56. Kc5 Rc8+ 57. Rc6
Rh8 $18 )55... Kd7 56. b5 Rg1 ( 56... Rh8 { cannot undo what has already been
done}  57. Re3 Kd6 58. b6 Rh4+ 59. Re4 Rxh3 60. Re6+ Kd7 61. Rg6 $18 )57. Rh6 (
57. b6 { and White can already relax}  57... Rd1+ 58. Kc5 Rc1+ 59. Kb5 Rd1 $18
)57... Rd1+ ( 57... Kc7 { does not win a prize}  58. d6+ Kb6 59. Ke5 $18 )58.
Kc5 Rc1+ 59. Kb6 Rc3 60. h4 Rf3  1-0